000
00341nam a22001457a 4500
008
221115b ||||| |||| 00| 0 eng d
020
_a
9780323084680
041
_a
eng
080
_2
ELEVENTH EDITION
_a
61
082
_a
61MOS
100
_a
5
101
_a
MJK
245
_a
DIAGNOSTIC LABORATORY TEST REFERENCE
_c
MOSBY'S
942
_2
udc
_c
BK
999
_c
58908
_d
58908